Largest Towns in Östergötland - Statistics

General Stats
  • This quiz has been taken 37 times
  • The average score is 10 of 20
Answer Stats
Population Town % Correct
119,016 Linköping
100%
98,088 Norrköping
100%
31,340 Motala
90%
13,959 Mjölby
81%
7,547 Söderköping
71%
13,261 Finspång
65%
3,328 Boxholm
61%
5,734 Vadstena
58%
6,934 Åtvidaberg
52%
3,846 Kisa
52%
6,785 Ljungsbro
48%
7,157 Åby
32%
3,390 Skänninge
32%
5,198 Lindö
29%
3,973 Mantorp
29%
4,963 Malmslätt
26%
5,127 Krokek
23%
4,018 Skärblacka
19%
3,291 Sturefors
16%
4,034 Svärtinge
13%
No matching quizzes found
Score Distribution
Percent of People with Each Score
Percentile by Number Answered
Your Score History
You have not taken this quiz